[Event "HUN-ch Rapid 2018"]
[Site "Ajka"]
[Date "2018.07.21"]
[Round "8"]
[White "Hoang, Thanh Trang"]
[Black "Nemeth, Miklos"]
[Result "1-0"]
[WhiteElo "2351"]
[BlackElo "2469"]
[Annotator "TA"]
[PlyCount "81"]
[EventDate "2018.07.20"]
[EventType "swiss"]
[EventCountry "HUN"]
[SourceTitle "playchess.com"]
[Source "ChessBase"]
[SourceQuality "1"]

{[%evp 16,81,29,29,21,8,52,18,58,77,95,76,72,68,88,92,87,69,77,54,68,41,88,84,97,101,167,151,222,218,213,203,261,261,285,208,220,192,184,196,185,189,196,205,239,235,240,241,382,360,499,197,330,291,380,250,585,521,569,521,587,587,585,561,1308,1343,1179,854]} 1. d4 Nf6 2. Bf4 d6 3. e3 g6 4. Nf3 Bg7 5. Be2 O-O 6. O-O c6 7. Nbd2 Nbd7 8. h3 Re8 {A48: 1 d4 Nf6 2 Nf3 g6: Torre, London and Colle Systems} 9. Bh2 {LiveBook: 6 Games} a5 (9... Qc7 10. c3 {½-½ (10) Cuhendi,S (2404)-Savic,M (2511) Novi Sad 2017}) 10. a4 b6 {The position is equal.} 11. e4 $146 ({Predecessor:} 11. c3 Ba6 12. Bxa6 Rxa6 13. Qe2 {1-0 (27) Eretova,K (2090)-Kubikova,H (2165) Nymburk 1994}) 11... Nf8 12. Re1 d5 13. exd5 Nxd5 14. Ne5 Bb7 15. c3 Nd7 16. Bc4 Nxe5 17. Bxe5 Qd7 18. Nf3 f6 19. Bg3 b5 20. Ba2 Kh8 {[#]} (20... Bh6 $16 {was necessary.}) 21. Nd2 $1 $18 e5 (21... b4 $16) 22. dxe5 fxe5 23. Ne4 Qc7 24. axb5 Rad8 25. Qa4 h6 26. bxc6 Bxc6 27. Qc4 Qb6 28. Qc5 Qxc5 29. Nxc5 Kh7 30. Bxd5 Rxd5 31. Rxa5 Rd2 (31... e4 {keeps fighting.} 32. c4 Rf5) 32. b4 {[%cal Bb2b4,Bb4b5,Bb5b6,Bb6b7][%mdl 32]} Rc2 33. Ne4 $2 (33. b5) 33... g5 {[#]} (33... Bxe4 $142 34. Rxe4 Rxc3 35. Bxe5 Bxe5 36. Rexe5 Rxe5 37. Rxe5 Kg7) 34. c4 $1 Rf8 (34... Rxc4 35. Nd6) 35. b5 Ba8 $2 (35... Ra8) 36. Ra7 {White is clearly winning.} Kg6 37. b6 Bc6 38. Nd6 e4 39. Rc7 Ba4 40. b7 Bd4 41. Nxe4 {Precision: White = 51%, Black = 30%.} 1-0

[Event "HUN-ch Rapid 2018"]
[Site "Ajka"]
[Date "2018.07.21"]
[Round "8"]
[White "Deak, Sandor"]
[Black "Tancsa, Tamas"]
[Result "1-0"]
[WhiteElo "2335"]
[BlackElo "1792"]
[Annotator "NA RC"]
[PlyCount "57"]
[EventDate "2018.07.20"]
[EventType "swiss"]
[EventCountry "HUN"]
[SourceTitle "playchess.com"]
[Source "ChessBase"]
[SourceQuality "1"]
[TimeControl "1200+5"]

1. d4 {[%emt 0:00:05]} Nf6 {[%emt 0:00:05]} 2. c4 {[%emt 0:00:05]} d6 {[%emt 0:00:05]} 3. Nc3 {[%emt 0:00:05]} Nbd7 {[%emt 0:00:05]} 4. e4 {[%emt 0:00:05]} e5 {[%emt 0:00:05]} 5. Nge2 {[%emt 0:00:06]} Be7 {[%emt 0:00:56]} 6. f3 {[%emt 0:00:02]} O-O {[%emt 0:00:03]} 7. Be3 {[%emt 0:00:02]} c6 {[%emt 0:01:04]} 8. Qd2 {[%emt 0:00:05]} Qc7 {[%emt 0:00:19]} 9. Rc1 {[%emt 0:00:19]} a6 {[%emt 0:00:35]} 10. Ng3 {[%emt 0:00:30]} exd4 {[%emt 0:01:28]} 11. Bxd4 {[%emt 0:00:01]} Ne5 {[%emt 0:00:01]} 12. Be2 {[%emt 0:00:07]} Be6 13. b3 Rad8 {[%emt 0:00:13]} 14. O-O {[%emt 0:00:42]} d5 {[%emt 0:00:18]} 15. cxd5 {[%emt 0:00:04]} cxd5 {[%emt 0:00:05]} 16. Nxd5 Qd6 17. Bxe5 {[%emt 0:00:40]} Qxe5 {[%emt 0:00:19]} 18. Nxe7+ {[%emt 0:00:02]} Kh8 {[%emt 0:00:01]} 19. Qc3 {[%emt 0:00:35]} Qf4 {[%emt 0:00:25]} 20. Nef5 {[%emt 0:00:11]} Rc8 {[%emt 0:00:28]} 21. Qe3 {[%emt 0:00:03]} Qe5 {[%emt 0:00:14]} 22. Nd4 {[%emt 0:01:22]} Nd5 {[%emt 0:00:09]} 23. Qf2 {[%emt 0:00:00]} Nf4 {[%emt 0:00:25]} 24. Nxe6 {[%emt 0:00:13]} fxe6 {[%emt 0:00:01]} 25. Rxc8 {[%emt 0:02:36]} Rxc8 {[%emt 0:00:02]} 26. Rd1 {[%emt 0:00:04]} h6 {[%emt 0:00:04]} 27. Bf1 {[%emt 0:00:45]} h5 {[%emt 0:01:00]} 28. Ne2 {[%emt 0:00:13]} Rc2 {[%emt 0:00:04]} 29. Nxf4 {[%emt 0:00:04]} 1-0

[Event "HUN-ch Rapid 2018"]
[Site "Ajka"]
[Date "2018.07.21"]
[Round "8"]
[White "Csonka, Balazs"]
[Black "Almasi, Istvan"]
[Result "1/2-1/2"]
[WhiteElo "2311"]
[BlackElo "2416"]
[Annotator "TA"]
[PlyCount "94"]
[EventDate "2018.07.20"]
[EventType "swiss"]
[EventCountry "HUN"]
[SourceTitle "playchess.com"]
[Source "ChessBase"]
[SourceQuality "1"]

{[%evp 12,94,29,21,86,73,115,113,128,135,143,133,131,91,73,78,81,86,72,57,117,107,130,106,108,106,100,58,51,56,128,35,117,107,119,79,79,79,79,79,122,121,106,112,130,0,0,0,0,0,0,0,0,0,0,0,0,0,0,0,0,0,0,0,0,0,0,0,0,0,0,0,0,0,0,0,0,0,0,0,0,0,0,0,12851]} 1. d4 Nf6 2. c4 e6 3. Nf3 d5 4. g3 dxc4 5. Bg2 a6 6. O-O Nc6 7. e3 {LiveBook: 661 Games. E04: Open Catalan: 5 Nf3} Bd6 (7... Bd7 $11) (7... Rb8 8. Qe2 b5 9. b3 cxb3 10. axb3 Bd6 11. Rd1 Qe7 12. Bb2 O-O 13. Rc1 Bb7 14. Ne5 Nb4 15. Bxb7 Rxb7 {1-0 (52) So,W (2778)-Mamedyarov,S (2808) Leuven 2018}) 8. Nbd2 $16 e5 $146 ({Predecessor:} 8... Na5 9. Ne5 Bxe5 10. dxe5 Nd7 11. b4 cxb3 12. axb3 Nc6 13. f4 Nb6 14. Ba3 Qd3 {0-1 (33) Yevseev,D (2538)-Khusenkhojaev,M (2373) Peterhof 2009}) 9. dxe5 {White is better.} Nxe5 10. Nxe5 Bxe5 11. Nxc4 Qe7 12. Bd2 O-O 13. Nxe5 Qxe5 14. Bc3 Qe7 15. Qd4 c5 (15... a5 $14) 16. Qh4 Be6 17. Bxf6 Qxf6 18. Qxf6 ({Much weaker is} 18. Bxb7 $6 Qxh4 19. gxh4 Rab8 $11) 18... gxf6 19. Bxb7 Rab8 20. Bxa6 {Hoping for b3.} Rxb2 {[#]} (20... Rb6 $1 $14) 21. Rfc1 (21. a4 $1 $16) 21... Ra8 (21... Rd8 $1 $14) 22. Bc4 Ra5 23. Bxe6 (23. a4 {is more complex.} Bd7 24. Bd3 h6 25. Kf1 Kf8 26. Rc2) 23... fxe6 {[%mdl 4096] Endgame KRR-KRR} 24. Rc4 Kf7 25. a4 Ke7 26. Rh4 Kd6 27. Rxh7 c4 28. Rd1+ ({White should play} 28. Rh4 $16) 28... Rd5 $1 $11 {[%cal Rd5d1] The position is equal.} 29. Rc1 Rdd2 30. Rxc4 {[#] Rf4 is the strong threat.} Rxf2 31. Rd4+ Ke5 32. Rb7 Rg2+ 33. Kf1 {And now Rxb2 would win.} Rbf2+ 34. Ke1 {[%cal Rb7b5]} Re2+ 35. Kd1 {[%cal Rb7b5]} Rxe3 36. Rd2 Rxd2+ 37. Kxd2 {KR-KR} Ra3 38. Rb5+ Ke4 39. Rb4+ Kf3 40. Rf4+ Kg2 41. Rxf6 (41. Rh4 {looks sharper.} e5 42. Kc2 f5 43. Kb2 Rd3 44. Rh5) 41... Kxh2 42. g4 {Black must now prevent Rf4.} Rxa4 43. g5 Rg4 44. g6 e5 45. Ke3 Kg3 46. Rf1 {Rg1+ would kill now.} Kh4 47. Rf5 e4 $2 {[%mdl 40960] Precision: White = 66%, Black = 42%. . An unexpected result.} (47... Rxg6 $11 48. Rxe5 Rg3+ 49. Ke4 Rg4+ 50. Kf3 Rg3+ 51. Kf4 Rg4+ 52. Kf3 Rg3+ 53. Kf4 Rg4+ 54. Ke3 Rg3+ 55. Kd4 Kg4) 1/2-1/2

[Event "HUN-ch Rapid 2018"]
[Site "Ajka"]
[Date "2018.07.21"]
[Round "8"]
[White "Seres, Bela"]
[Black "Groszpeter, Attila"]
[Result "0-1"]
[WhiteElo "2220"]
[BlackElo "2438"]
[Annotator "TA"]
[PlyCount "80"]
[EventDate "2018.07.20"]
[EventType "swiss"]
[EventCountry "HUN"]
[SourceTitle "playchess.com"]
[Source "ChessBase"]
[SourceQuality "1"]

{[%evp 16,80,7,0,8,6,8,0,0,0,8,0,3,-23,-32,-41,-36,-35,-43,-69,-81,-85,-2,-37,-24,-35,-38,-45,-36,-97,-86,-145,-149,-149,-147,-152,-147,-156,-150,-226,-164,-229,-200,-218,-220,-547,-562,-485,-142,-142,-142,-146,-142,-160,-115,-154,-130,-161,-45,-46,-35,-87,-65,-89,-43,-50,-51]} 1. e4 c5 2. Nf3 d6 3. Bb5+ Bd7 4. a4 Nf6 5. d3 e6 (5... g6 6. O-O Bg7 7. h3 O-O 8. Nc3 a6 9. Bxd7 Nfxd7 10. Be3 Nc6 11. Qd2 Nd4 12. Nh2 Rc8 13. a5 {0-1 (38) Zvjaginsev,V (2660)-Bruzon Batista,L (2659) Berlin 2015}) 6. O-O {B52: Sicilian: Moscow Variation with 3...Bd7} Be7 7. Nbd2 O-O 8. Nc4 Nc6 9. Re1 {LiveBook: 7 Games} a6 10. Bxc6 $1 Bxc6 11. e5 dxe5 12. Nfxe5 Be8 13. a5 Nd5 14. Ne3 $146 ({Predecessor:} 14. Qg4) 14... Bd6 15. Nxd5 exd5 16. d4 f6 17. Nf3 c4 18. Nh4 {[#]} Bf7 (18... f5 $1 $17 19. g3 f4) 19. g3 Qd7 $36 {[%mdl 2048] White is under pressure.} 20. Ng2 Rfe8 21. Bf4 Bf8 22. h4 (22. Bd2 $15) 22... Qb5 23. Bd2 ({Better is} 23. Re3) 23... Qxb2 $17 24. c3 Qb5 25. Bf4 Rxe1+ 26. Qxe1 Re8 27. Qd2 (27. Qd1 $17 {might work better.}) 27... h6 28. Qa2 (28. Bc7 $142) 28... Bg6 29. Ne3 Be4 30. Bc7 $2 {[#]} (30. g4) 30... Qd7 $19 31. Qa4 Qxa4 $2 (31... Qc8 $19 32. Kh2 Bf3) 32. Rxa4 $17 Rc8 33. Bb6 h5 34. Kf1 Bf3 35. Ke1 g6 36. Kd2 Bh6 (36... f5 $19 {And now ...f4! would win.} 37. Ra1 Be7) 37. Rb4 $15 Bg4 38. Kc2 (38. Bc5 $15) 38... Bxe3 39. fxe3 Re8 40. Kd2 Bd7 {Precision: White = 27%, Black = 49%.} 0-1

[Event "HUN-ch Rapid 2018"]
[Site "Ajka"]
[Date "2018.07.21"]
[Round "8"]
[White "Juhasz, Barbara"]
[Black "Dankhazi, Andras"]
[Result "0-1"]
[WhiteElo "2159"]
[BlackElo "2361"]
[Annotator "NA"]
[PlyCount "74"]
[EventDate "2018.07.20"]
[EventType "swiss"]
[EventCountry "HUN"]
[SourceTitle "playchess.com"]
[Source "ChessBase"]
[SourceQuality "1"]
[TimeControl "1200+5"]

1. e4 {[%emt 0:00:03]} e5 {[%emt 0:00:02]} 2. Bc4 {[%emt 0:00:06]} Nf6 {[%emt 0:00:01]} 3. d3 {[%emt 0:00:00]} c6 {[%emt 0:00:09]} 4. Nc3 {[%emt 0:00:27]} d5 {[%emt 0:00:41]} 5. Bb3 {[%emt 0:00:13]} dxe4 {[%emt 0:00:20]} 6. Nxe4 {[%emt 0:00:31]} Nxe4 {[%emt 0:00:03]} 7. dxe4 {[%emt 0:00:02]} Qxd1+ {[%emt 0:00:02]} 8. Kxd1 {[%emt 0:00:01]} Bc5 {[%emt 0:00:01]} 9. Nf3 {[%emt 0:02:27]} f6 {[%emt 0:00:01]} 10. Ke2 {[%emt 0:00:03]} Ke7 {[%emt 0:01:26]} 11. Be3 {[%emt 0:00:06]} Nd7 {[%emt 0:00:02]} 12. c3 {[%emt 0:02:25]} Bxe3 {[%emt 0:01:32]} 13. Kxe3 {[%emt 0:00:01]} Nc5 {[%emt 0:00:02]} 14. Bc2 {[%emt 0:00:01]} a5 {[%emt 0:01:29]} 15. Nd2 {[%emt 0:04:12]} Be6 {[%emt 0:00:07]} 16. b4 {[%emt 0:03:06]} axb4 {[%emt 0:00:07]} 17. cxb4 {[%emt 0:00:01]} Ra3+ {[%emt 0:00:29]} 18. Ke2 {[%emt 0:02:13]} Na6 {[%emt 0:00:01]} 19. b5 {[%emt 0:02:30]} cxb5 {[%emt 0:01:42]} 20. Rhb1 {[%emt 0:00:25]} Rxa2 {[%emt 0:02:20]} 21. Rxa2 {[%emt 0:00:14]} Bxa2 {[%emt 0:00:02]} 22. Rxb5 {[%emt 0:00:12]} Rb8 {[%emt 0:00:03]} 23. Nb3 {[%emt 0:00:56]} b6 {[%emt 0:02:42]} 24. Bd3 {[%emt 0:00:24]} Bxb3 {[%emt 0:00:15]} 25. Rxb3 {[%emt 0:00:01]} Nc5 {[%emt 0:00:02]} 26. Ra3 {[%emt 0:00:18]} Rd8 {[%emt 0:01:18]} 27. Bc2 {[%emt 0:01:03]} Ne6 {[%emt 0:00:07]} 28. Ke1 {[%emt 0:00:08]} Nd4 {[%emt 0:00:13]} 29. Bd3 {[%emt 0:00:05]} Rd7 {[%emt 0:01:51]} 30. Ra2 {[%emt 0:00:06]} b5 {[%emt 0:00:04]} 31. Rb2 {[%emt 0:00:01]} Rb7 {[%emt 0:00:01]} 32. Kd2 {[%emt 0:00:01]} Kd6 {[%emt 0:00:02]} 33. Kc3 {[%emt 0:00:04]} Kc5 {[%emt 0:00:01]} 34. f3 {[%emt 0:00:01]} Ra7 {[%emt 0:00:31]} 35. Kd2 {[%emt 0:00:04]} b4 {[%emt 0:00:01]} 36. Bc2 {[%emt 0:00:18]} b3 {[%emt 0:01:06]} 37. Bd1 {[%emt 0:00:07]} Kb4 {[%emt 0:00:10]} 0-1

[Event "HUN-ch Rapid 2018"]
[Site "Ajka"]
[Date "2018.07.21"]
[Round "8"]
[White "Mihok, Laszlo"]
[Black "Papp, Gellert"]
[Result "0-1"]
[WhiteElo "2066"]
[BlackElo "2324"]
[Annotator "NA RC"]
[PlyCount "94"]
[EventDate "2018.07.20"]
[EventType "swiss"]
[EventCountry "HUN"]
[SourceTitle "playchess.com"]
[Source "ChessBase"]
[SourceQuality "1"]
[TimeControl "1200+5"]

1. d4 {[%emt 0:00:02]} Nf6 {[%emt 0:02:36]} 2. Bg5 {[%emt 0:00:01]} c5 {[%emt 0:00:03]} 3. Bxf6 {[%emt 0:00:07]} gxf6 {[%emt 0:00:07]} 4. d5 {[%emt 0:00:03]} Qb6 {[%emt 0:00:01]} 5. Qc1 {[%emt 0:00:07]} f5 {[%emt 0:00:03]} 6. e3 {[%emt 0:00:23]} d6 {[%emt 0:00:14]} 7. c4 {[%emt 0:00:03]} Nd7 {[%emt 0:00:18]} 8. Nc3 {[%emt 0:00:02]} Nf6 {[%emt 0:00:08]} 9. Nh3 {[%emt 0:00:27]} Bh6 {[%emt 0:00:06]} 10. Bd3 {[%emt 0:00:06]} e5 {[%emt 0:00:38]} 11. O-O {[%emt 0:00:17]} Bd7 {[%emt 0:00:22]} 12. f4 {[%emt 0:00:02]} e4 {[%emt 0:00:13]} 13. Be2 {[%emt 0:00:01]} Rg8 {[%emt 0:00:14]} 14. Kh1 {[%emt 0:00:09]} O-O-O {[%emt 0:00:11]} 15. Nf2 {[%emt 0:00:30]} Bg7 {[%emt 0:02:46]} 16. Qc2 {[%emt 0:00:49]} h5 {[%emt 0:00:38]} 17. a3 {[%emt 0:00:05]} Ng4 18. Nxg4 {[%emt 0:00:32]} hxg4 {[%emt 0:00:13]} 19. g3 {[%emt 0:00:01]} Rh8 {[%emt 0:00:10]} 20. Rf2 {[%emt 0:00:01]} Qa5 {[%emt 0:02:34]} 21. Ra2 {[%emt 0:00:32]} Kb8 {[%emt 0:00:46]} 22. Kg1 {[%emt 0:00:17]} Ka8 {[%emt 0:00:19]} 23. Bf1 {[%emt 0:02:31]} Rb8 {[%emt 0:00:54]} 24. Qc1 {[%emt 0:00:45]} a6 {[%emt 0:00:16]} 25. b4 {[%emt 0:00:41]} cxb4 {[%emt 0:00:37]} 26. axb4 {[%emt 0:00:02]} Qxb4 {[%emt 0:00:05]} 27. Nb5 {[%emt 0:00:09]} Rbc8 {[%emt 0:00:23]} 28. Rfc2 {[%emt 0:00:17]} Qc5 {[%emt 0:00:45]} 29. Qd2 {[%emt 0:00:28]} Kb8 {[%emt 0:00:24]} 30. Nd4 {[%emt 0:00:09]} Rhe8 {[%emt 0:01:39]} 31. Ra5 {[%emt 0:00:27]} Qa7 {[%emt 0:00:08]} 32. Rb2 {[%emt 0:00:08]} Bxd4 {[%emt 0:00:13]} 33. exd4 {[%emt 0:00:52]} e3 {[%emt 0:00:19]} 34. Qd3 {[%emt 0:00:02]} Re4 {[%emt 0:00:13]} 35. c5 {[%emt 0:00:02]} Ka8 {[%emt 0:01:42]} 36. Bg2 {[%emt 0:02:51]} dxc5 {[%emt 0:00:35]} 37. Bxe4 {[%emt 0:00:42]} fxe4 {[%emt 0:00:03]} 38. Qxe4 {[%emt 0:00:02]} cxd4 {[%emt 0:00:03]} 39. Ra1 {[%emt 0:01:03]} Re8 {[%emt 0:00:54]} 40. Qd3 {[%emt 0:00:23]} Qc5 {[%emt 0:00:27]} 41. Kf1 {[%emt 0:03:28]} Kb8 {[%emt 0:00:43]} 42. Qb3 {[%emt 0:00:39]} Bb5+ {[%emt 0:00:05]} 43. Ke1 {[%emt 0:00:17]} d3 {[%emt 0:00:01]} 44. Qa3 {[%emt 0:01:12]} d2+ {[%emt 0:00:05]} 45. Rxd2 {[%emt 0:00:20]} exd2+ {[%emt 0:00:01]} 46. Kxd2 {[%emt 0:00:00]} Re2+ {[%emt 0:00:02]} 47. Kd1 {[%emt 0:00:04]} Qc2# 0-1

[Event "HUN-ch Rapid 2018"]
[Site "Ajka"]
[Date "2018.07.21"]
[Round "8"]
[White "Czupor, Attila"]
[Black "Martini, Balazs"]
[Result "0-1"]
[WhiteElo "2045"]
[BlackElo "2295"]
[Annotator "NA RC"]
[PlyCount "58"]
[EventDate "2018.07.20"]
[EventType "swiss"]
[EventCountry "HUN"]
[SourceTitle "playchess.com"]
[Source "ChessBase"]
[SourceQuality "1"]
[TimeControl "1200+5"]

1. e4 {[%emt 0:00:03]} c5 {[%emt 0:00:57]} 2. Nf3 {[%emt 0:00:02]} Nc6 {[%emt 0:00:01]} 3. d4 {[%emt 0:00:03]} cxd4 {[%emt 0:00:02]} 4. Nxd4 {[%emt 0:00:01]} e5 {[%emt 0:00:01]} 5. Nb5 {[%emt 0:00:01]} d6 {[%emt 0:00:00]} 6. c4 {[%emt 0:00:10]} Be7 {[%emt 0:00:01]} 7. Be3 {[%emt 0:00:45]} f5 {[%emt 0:01:16]} 8. exf5 {[%emt 0:00:35]} Bxf5 {[%emt 0:00:02]} 9. Bd3 {[%emt 0:00:21]} Be6 {[%emt 0:00:02]} 10. N1c3 {[%emt 0:00:36]} a6 {[%emt 0:00:52]} 11. Na3 {[%emt 0:00:18]} Nf6 {[%emt 0:00:02]} 12. O-O {[%emt 0:00:52]} Qd7 {[%emt 0:01:45]} 13. Na4 {[%emt 0:02:49]} Bd8 {[%emt 0:00:18]} 14. Nc2 {[%emt 0:04:36]} O-O {[%emt 0:00:37]} 15. b4 {[%emt 0:00:53]} e4 {[%emt 0:01:16]} 16. Be2 {[%emt 0:00:11]} Ne5 {[%emt 0:00:06]} 17. Nb2 {[%emt 0:01:03]} Rc8 {[%emt 0:01:00]} 18. c5 {[%emt 0:02:11]} Nd5 {[%emt 0:03:30]} 19. Nc4 {[%emt 0:00:56]} Nc3 {[%emt 0:02:18]} 20. Nxe5 {[%emt 0:00:07]} dxe5 {[%emt 0:00:02]} 21. Qe1 {[%emt 0:00:10]} Nxe2+ {[%emt 0:02:46]} 22. Qxe2 {[%emt 0:00:01]} Qf7 {[%emt 0:00:27]} 23. Na3 {[%emt 0:00:58]} Qg6 {[%emt 0:00:34]} 24. Nc4 {[%emt 0:01:23]} Bg4 {[%emt 0:00:41]} 25. Qc2 {[%emt 0:01:29]} Bf3 {[%emt 0:00:16]} 26. g3 {[%emt 0:00:17]} Qe6 {[%emt 0:01:20]} 27. Bd2 {[%emt 0:00:43]} Qh3 {[%emt 0:00:18]} 28. Ne3 {[%emt 0:00:02]} Rf6 {[%emt 0:00:15]} 29. Qc4+ {[%emt 0:00:28]} Kh8 {[%emt 0:00:13]} 0-1

[Event "HUN-ch Rapid 2018"]
[Site "Ajka"]
[Date "2018.07.21"]
[Round "9"]
[White "Almasi, Zoltan"]
[Black "Mihok, Oliver"]
[Result "1-0"]
[WhiteElo "2650"]
[BlackElo "2426"]
[Annotator "TA"]
[PlyCount "121"]
[EventDate "2018.07.20"]
[EventType "swiss"]
[EventCountry "HUN"]
[SourceTitle "playchess.com"]
[Source "ChessBase"]
[SourceQuality "1"]

{[%evp 34,120,25,17,46,40,42,44,62,27,61,45,59,47,49,45,42,42,29,27,27,25,39,-12,-8,-51,-6,-39,-16,-16,0,0,8,0,0,0,56,0,0,-41,0,0,2,0,8,0,74,53,59,0,0,0,154,0,17,0,66,0,0,-21,-23,-45,-23,-14,0,-23,-29,-218,-209,-193,0,0,0,0,66,0,254,259,305,247,375,371,356,358,5635,496,1354,1349,29999]} 1. e4 c5 2. Nf3 e6 3. d4 cxd4 4. Nxd4 Nc6 5. Nc3 Qc7 6. Be2 a6 7. O-O Nf6 8. Be3 {[%cal Bc1e3,Be3d4,Bd4e5][%mdl 32]} Bb4 9. Na4 Be7 10. Nxc6 bxc6 11. Nb6 Rb8 12. Nxc8 Qxc8 13. Bd4 c5 14. Be5 Rb6 15. Bf3 {B49: Sizilianisch (Paulsen-Variante)} (15. Qd3 d6 16. Bc3 O-O 17. Rad1 Qc6 18. e5 Nd5 19. Bf3 c4 20. Qd2 dxe5 21. Bxe5 Rd8 22. b3 Rb5 23. bxc4 Qxc4 {1-0 (88) Ponomariov,R (2709)-Neiksans,A (2631) Tallinn 2016}) 15... d6 16. Bc3 O-O 17. a4 {[%cal Ba2a4,Ba4a5][%mdl 32]} Nd7 {[%cal Bf6d7,Bd7b8,Bb8c6][%mdl 32]} 18. a5 {LiveBook: 3 Partien} Rb8 19. Be2 Rd8 20. Qd3 Ra8 21. Rfd1 (21. Qg3 {is interesting.} g6 22. Rad1 Qc6 23. Qf3 Qc7 24. b3) 21... Bf8 $146 ({Vorgänger:} 21... Nf6 22. Qg3 d5 23. exd5 exd5 {½-½ (55) Darazs,Z (2236)-Dudas,E (2040) Budapest 2007}) 22. f4 Nb8 23. f5 Nc6 24. Bg4 exf5 25. Bxf5 Qc7 $1 26. e5 g6 27. e6 {exf7+ ist eine echte Drohung.} d5 28. Bh3 (28. Rf1 $14 d4 29. exf7+ Qxf7 30. Be4 dxc3 31. Rxf7 Rxd3 32. cxd3 Kxf7 33. Bxc6) 28... f5 $11 29. Re1 Bg7 (29... c4 {feels hotter.} 30. Qf1 Bg7 31. g3 Rab8 32. Bg2 Ne7) 30. g3 c4 31. Qe2 Bxc3 32. bxc3 Ne7 33. Bg2 Rab8 34. Qe3 Rdc8 (34... Rb5 $11) 35. Kh1 (35. Reb1 $1 $14) 35... Rb5 36. h4 Qc5 37. Qg5 Kg7 38. h5 {Droht h6+ und aus.} h6 39. Qf4 Rf8 (39... gxh5 $11 {bleibt in der Remisbreite.} 40. Rab1 Rxb1 41. Qe5+ Kh7 42. Rxb1 Qc7 43. Qxc7 Rxc7) 40. Qe5+ $16 Kh7 41. hxg6+ ({Lieber} 41. Rab1 $14) 41... Nxg6 $11 42. Qe2 Qd6 $2 (42... Ne7 $11) 43. Qe3 $2 (43. e7 $16 Re8 44. Qe6 Qxe7 45. Qxa6 (45. Qxf5 Qxe1+ 46. Rxe1 Rxe1+ 47. Kh2 Re7 $14) (45. Bxd5 Qxe6 46. Rxe6 Rxe6 $16) 45... Qxe1+ 46. Rxe1 Rxe1+ 47. Kh2) 43... f4 44. Qa7+ Kh8 (44... Qe7 $11 45. Qxe7+ Nxe7) 45. gxf4 ({Besser ist} 45. e7 $14 Re8 46. Qd4+ Kh7 47. Rad1 Rxe7 48. gxf4) 45... Rxf4 46. Kg1 Rh4 47. Re2 $1 Qh2+ (47... Rb8 $5 {[%cal Rb8f8]} 48. e7 Re8 $17) 48. Kf1 Rb8 49. e7 Re8 {Und weiter mit ...Tf4+ wäre nett.} 50. Rae1 $2 {[#]} (50. Rb1 $11 {und Weiss muss sich keine Sorgen machen.}) 50... Rf4+ $1 $19 51. Rf2 Qh4 $2 (51... Nh4 $19 {( -> ...Dxg2+)} 52. Bxd5 Nf5) 52. Rxf4 Qxf4+ 53. Kg1 {Schwarz muss nun Dd7 beachten.} Qf6 (53... Kg7 $11) 54. Bxd5 ({Günstiger ist} 54. Qd4 $14 Qxd4+ 55. cxd4) 54... Nxe7 $2 {[%mdl 8192] [#]} (54... Qxc3 $11 {und Schwarz ist OK.} 55. Qe3 Qg7) 55. Bg2 $1 $18 Qh4 56. Re2 Qf6 (56... Qg5 {war angesagt.} 57. Qe3 (57. Qxa6 Qc1+ 58. Kh2 Qf4+ 59. Kg1 Qc1+ 60. Kh2 Qf4+ 61. Kg1 Qc1+ $11) 57... Qg7) 57. Qd7 Qf7 58. Re6 Rb8 $2 (58... Qh5 59. Qd4+ (59. Rxa6 Nc6 $11) 59... Kh7) 59. Qd4+ (59. Rxe7 $142 Qg6 60. Qd4+ Kg8 61. Kh2) 59... Kg8 (59... Kh7 $142) 60. Rxh6 {[%csl Gd4][%cal Rh6h8]} Nf5 61. Rh8# {Precision: Weiß = 44%, Schwarz = 33%.} 1-0

[Event "HUN-ch Rapid 2018"]
[Site "Ajka"]
[Date "2018.07.21"]
[Round "9"]
[White "Balog, Imre"]
[Black "Papp, Gabor"]
[Result "1/2-1/2"]
[WhiteElo "2613"]
[BlackElo "2574"]
[Annotator "TA"]
[PlyCount "80"]
[EventDate "2018.07.20"]
[EventType "swiss"]
[EventCountry "HUN"]
[SourceTitle "playchess.com"]
[Source "ChessBase"]
[SourceQuality "1"]

{[%evp 11,80,39,48,27,16,4,25,22,32,27,29,28,29,27,58,66,62,54,64,45,47,47,50,49,49,58,64,47,61,47,58,50,53,39,35,35,41,28,36,27,33,29,63,63,70,63,61,58,47,51,97,78,84,85,87,69,61,72,100,41,41,41,41,41,41,23,23,8,28,23,23]} 1. d4 d5 2. Nf3 Nf6 3. Bg5 Nbd7 4. Nbd2 g6 (4... e6 5. e3 Be7 6. Bd3 c5 7. c3 b6 8. O-O Bb7 9. Qb1 O-O 10. a4 a5 11. Re1 g6 12. Bb5 Ba6 13. Qd3 Bxb5 14. Qxb5 Ne8 15. Bh6 Nd6 16. Qe2 Re8 17. e4 dxe4 18. Nxe4 Nxe4 19. Qxe4 cxd4 20. Nxd4 {1-0 (51) Artemiev,V (2691)-Naiditsch,A (2705) Riadh 2017}) 5. c4 c6 6. e3 {D03: 1 d4 d5 2 Nf3 Nf6 3 Bg5, including Torre Attack with early ...d5} Bg7 {LiveBook: 6 Games} 7. h3 O-O 8. Rc1 $146 {The position is equal.} ({Predecessor:} 8. Be2 Ne4 9. Bf4 Ndf6 10. cxd5 Nxd2 11. Nxd2 Nxd5 12. Bg3 Kh8 13. e4 Nc7 14. Nf3 Nb5 {0-1 (38) Schaefer,J (2125)-Weichelt,J (2235) Bad Wiessee 1997}) 8... Re8 9. cxd5 cxd5 10. Bf4 Qa5 11. a3 {Strongly threatening Bc7.} Ne4 12. Bd3 (12. Be2 {feels hotter.} Ndf6 13. O-O Bd7 14. Nb3 Qb6 15. Bc7) 12... Nxd2 13. Qxd2 ({Don't play} 13. Nxd2 e5 $15) 13... Qxd2+ 14. Kxd2 a6 15. Rc7 Nf8 16. Bg3 Ne6 17. Rc3 Bd7 18. Rhc1 Rec8 19. Ne5 Bxe5 20. Bxe5 f6 {[#] Hoping for ...Rxc3.} 21. Bg3 (21. Bc7 {seems wilder.} Kf7 22. Bb6 Rc6 23. Rxc6 Bxc6 24. Bc2) 21... Kf7 22. Bb1 Rxc3 23. Rxc3 Bc6 24. f3 Ng7 25. Bd3 Nf5 26. Bh2 e6 27. g4 Ne7 28. h4 h5 29. Rc1 Rh8 30. Bg3 f5 31. Be5 Rg8 32. g5 Rc8 33. Bd6 Ke8 34. b3 Kd7 35. Be5 (35. Bc5 $16) 35... Bb5 $14 36. Rxc8 Nxc8 37. Bc2 a5 38. Ke1 Bc6 39. Bg7 Ke7 40. Bf6+ Kd7 {Precision: White = 47%, Black = 65%.} 1/2-1/2

[Event "HUN-ch Rapid 2018"]
[Site "Ajka"]
[Date "2018.07.21"]
[Round "9"]
[White "Banusz, Tamas"]
[Black "Erdos, Viktor"]
[Result "1/2-1/2"]
[WhiteElo "2592"]
[BlackElo "2617"]
[Annotator "TA"]
[PlyCount "41"]
[EventDate "2018.07.20"]
[EventType "swiss"]
[EventCountry "HUN"]
[SourceTitle "playchess.com"]
[Source "ChessBase"]
[SourceQuality "1"]

{[%evp 23,26,14,21,0,13]} 1. d4 f5 2. Nf3 Nf6 3. g3 e6 4. Bg2 d5 5. O-O Bd6 6. c4 O-O 7. b3 c6 8. Ba3 Bxa3 9. Nxa3 Qe7 10. Qc1 b6 11. Qb2 Nbd7 12. Rac1 Bb7 {LiveBook: 14 Games} 13. Nc2 {A94: Classical Dutch: Classical Stonewall: 7 b3 c6 8 Ba3} (13. Rfd1 Ne4 14. Nd2 c5 15. e3 Ndf6 16. f3 Nxd2 17. Rxd2 Rac8 18. Re1 Rfd8 19. Rdd1 Rd7 20. cxd5 exd5 {½-½ (45) Kveinys,A (2547)-Gleizerov,E (2509) Seville 2018}) 13... Ne4 {Predecessor:} 14. Nce1 $146 dxc4 15. Rxc4 c5 16. dxc5 Ndxc5 17. Ne5 Bd5 18. Rc2 Rac8 19. N1d3 Nxd3 20. Nxd3 Rxc2 21. Qxc2 {½-½ (42) Villagran Carrasco,J (2137)-Mendoza Contreras,L (2191) Tenerife 2017} 1/2-1/2